Una propuesta de categorización del conocimiento de la práctica matemática de profesores universitarios

Đã lưu trong:
Chi tiết về thư mục
Tác giả chính: Delgado Rebolledo, Rosa
Tác giả khác: Zakaryan, Diana (Directora)
Định dạng: Luận văn Điện tử
Ngôn ngữ:Tiếng Anh
Được phát hành: Valparaíso, Chile Pontificia Universidad Católica de Valparaíso 2020
Những chủ đề:
Truy cập trực tuyến:Disponible Online-Texto completo Autorizado
Các nhãn: Thêm thẻ
Không có thẻ, Là người đầu tiên thẻ bản ghi này!

MARC

LEADER 00000nmm a22000007a 4500
003 CL-VaPUC
005 20210322112035.0
008 200925b ||||| |||| 00| 0 eng d
999 |c 431941  |d 431939 
040 |c Pontificia Universidad Católica de Valparaíso 
082 |a 378.12 DEL 2020 
100 1 |a Delgado Rebolledo, Rosa   |9 857254 
245 |a Una propuesta de categorización del conocimiento de la práctica matemática de profesores universitarios  
260 |a Valparaíso, Chile   |b Pontificia Universidad Católica de Valparaíso   |c 2020 
300 |a 213 hojas 
502 |a Tesis  |b  Doctor en Didáctica de la Matemática   |c Pontificia Universidad Católica de Valparaíso   |d 2020 
650 |a Profesores universitarios  |x Matemáticas  |9 857255 
650 |a Conocimiento del profesorado  |9 857256 
650 |a Práctica matemática  |9 857257 
700 |a Zakaryan, Diana   |e Directora   |9 857258 
856 |u http://opac.pucv.cl/pucv_txt/Txt-0000/UCB0379_01.pdf  |y Disponible Online-Texto completo Autorizado 
942 |2 ddc  |c BK 
952 |0 0  |1 0  |2 ddc  |4 0  |6 378_120000000000000_DEL_2020  |7 0  |8 T  |9 576688  |a BIBMAT  |b BIBMAT  |c ONLINE  |d 2020-09-25  |i 431941  |o 378.12 DEL 2020  |p 431941  |r 2020-09-25  |w 2020-09-25  |y TES  |k DDM